[Event "Fortaleza Capablanca op"]
[Site "Fortaleza"]
[Date "2000.??.??"]
[Round "?"]
[White "De Souza, FW."]
[Black "Magalhaes, Samuel"]
[Result "0-1"]
[WhiteElo "1895"]
[BlackElo "1920"]
[PlyCount "60"]
[EventDate "2000.??.??"]
[EventType "swiss"]
[EventRounds "7"]
[EventCountry "BRA"]
[SourceTitle "EXT 2003"]
[Source "ChessBase"]
[SourceDate "2002.11.25"]
[SourceVersion "1"]
[SourceVersionDate "2002.11.25"]
[SourceQuality "1"]

1. e4 c5 2. b4 cxb4 3. a3 d5 4. exd5 Qxd5 5. Nf3 e6 6. Bd3 Nf6 7. Qe2 Nc6 8. Bb2 Be7 9. 0-0 0-0 10. axb4 Nxb4 11. Nc3 Qd8 12. Ne5 Nxd3 13. Nxd3 a6 14. Ra4 Rb8 15. Ne5 Nd7 16. Ne4 f6 17. Nf3 b5 18. Ra2 Nc5 19. Nd4 Qd5 20. Nxc5 Qxa2 21. Nd3 Qc4 22. Qf3 Bb7 23. Qh3 Bc8 24. Qg3 e5 25. Re1 Rb7 26. Nb3 Qxc2 27. Na5 Rd7 28. Nxe5 fxe5 29. Qxe5 Bf6 30. Qe6+ Rdf7 0-1

[Event "Fortaleza Capablanca op"]
[Site "Fortaleza"]
[Date "2000.??.??"]
[Round "?"]
[White "De Souza, FW."]
[Black "Xavier da Silva, Nazareno"]
[Result "0-1"]
[WhiteElo "1895"]
[BlackElo "2020"]
[PlyCount "98"]
[EventDate "2000.??.??"]
[EventType "swiss"]
[EventRounds "7"]
[EventCountry "BRA"]
[SourceTitle "EXT 2003"]
[Source "ChessBase"]
[SourceDate "2002.11.25"]
[SourceVersion "1"]
[SourceVersionDate "2002.11.25"]
[SourceQuality "1"]

1. e4 e5 2. Nf3 Nf6 3. Nxe5 d6 4. Nxf7 Kxf7 5. d4 g6 6. Nc3 Bg7 7. Bc4+ Be6 8. Bxe6+ Kxe6 9. 0-0 Kf7 10. Qf3 Nc6 11. Rd1 Rf8 12. Bg5 Kg8 13. Qd3 h6 14. Bh4 g5 15. Bg3 Nh5 16. Ne2 Kh8 17. c3 Qf6 18. Rd2 Rae8 19. Rf1 Qg6 20. f3 d5 21. e5 Qxd3 22. Rxd3 Nxg3 23. hxg3 Ne7 24. f4 g4 25. Kf2 Kh7 26. Ke1 Kg6 27. Rh1 Rf5 28. Rd1 Ref8 29. Kd2 Rh5 30. Rxh5 Kxh5 31. f5 Rxf5 32. Nf4+ Rxf4 33. gxf4 Kh4 34. Rf1 Nf5 35. Rf2 Kg3 36. Ke2 h5 37. e6 Bf8 38. Kf1 Bd6 39. Re2 Kxf4 40. Kf2 h4 41. c4 dxc4 42. Rc2 b5 43. Re2 g3+ 44. Kg1 Nxd4 45. Rd2 Nxe6 46. Rd5 b4 47. Rh5 c3 48. bxc3 bxc3 49. Rxh4+ Ke3 0-1

[Event "Fortaleza Capablanca op"]
[Site "Fortaleza"]
[Date "2000.??.??"]
[Round "?"]
[White "Montenegro, Quintino"]
[Black "De Souza, FW."]
[Result "1-0"]
[WhiteElo "1930"]
[BlackElo "1895"]
[PlyCount "99"]
[EventDate "2000.??.??"]
[EventType "swiss"]
[EventRounds "7"]
[EventCountry "BRA"]
[SourceTitle "EXT 2003"]
[Source "ChessBase"]
[SourceDate "2002.11.25"]
[SourceVersion "1"]
[SourceVersionDate "2002.11.25"]
[SourceQuality "1"]

1. d4 f5 2. g3 Nf6 3. Bg2 g6 4. c3 Bg7 5. Nh3 d5 6. 0-0 0-0 7. Bg5 a5 8. Nd2 c6 9. Re1 Na6 10. f3 Qb6 11. Qb3 Qxb3 12. axb3 Nc7 13. e4 fxe4 14. fxe4 dxe4 15. Nxe4 Ncd5 16. Nc5 h6 17. Bd2 Kf7 18. c4 Nh7 19. cxd5 Bxd4+ 20. Be3 Bxb2 21. Rab1 Bc3 22. Rf1+ Nf6 23. dxc6 bxc6 24. Ne4 Be5 25. Nhf2 Ba6 26. Rfd1 Rfd8 27. Nxf6 exf6 28. Bxc6 Rac8 29. Rxd8 Rxd8 30. Rd1 Rxd1+ 31. Nxd1 h5 32. Bd5+ Kg7 33. Kf2 h4 34. Bb6 f5 35. Bxa5 g5 36. Bc6 g4 37. b4 hxg3+ 38. hxg3 f4 39. gxf4 Bxf4 40. b5 Bc8 41. b6 Kf7 42. b7 Be6 43. Bb6 Bb8 44. Nc3 Bc4 45. Nb5 g3+ 46. Kg2 Ke6 47. Bd8 Bxb5 48. Bxb5 Kd6 49. Be2 Kd7 50. Bh4 1-0